000 00815nam a2200265 a 4500
001 BRCA_2768
005 20190320203948.0
008 051208s1958----mx-a---###---#000-0#spa-u
050 4 _aND801
_b.E53 1958
100 1 _aEncina, Juan de la
_d1890-1963
_97787
245 1 0 _aLa pintura española
_cpor Juan de la Encina.
250 _a2
260 _aMéxico
_bFCE
_c1958
300 _a219 p.
_bil., 32 láminas
_c18 cm.
440 0 _aBreviarios del Fondo de Cultura Económica
_n48
_97788
500 _aIncluye índice de nombres e ilustraciones.
500 _aAA85
504 _aIncluye referencias bibliográficas.
650 1 4 _aPintores españoles
_97620
650 1 4 _aPinturas españolas
_97789
650 1 4 _aPintura española
_97790
650 1 4 _aPintura
_xHistoria
_97791
902 _aGFM
942 _2lcc
_cB
999 _c2508
_d2508